Quiz do mapa da Europa Oriental - Statistics

Estatísticas Gerais
  • Esse quiz foi jogado 607 vezes
  • A pontuação média é 16 de 21
Respostas no mapa
Respostas codificadas por cores de uma escala verde-vermelha no mapa do quiz de acordo com a % correta abaixo.
 
Estatísticas das Respostas
Resposta % Correto
Rússia
96%
Bielorrússia
93%
Ucrânia
92%
Polônia
91%
Lituânia
86%
Estônia
83%
Letónia
83%
Romênia
81%
Croácia
79%
Tchéquia
77%
Bulgária
74%
Eslováquia
74%
Moldávia
74%
Sérvia
73%
Bósnia e Herzegovina
72%
Kosovo
72%
Macedónia
71%
Albânia
70%
Hungria
70%
Eslovénia
68%
Montenegro
67%
Nenhum quiz correspondente encontrado
Distribuição das Pontuações
Porcentagem de Pessoas com Cada Pontuação
Percentil de Números Respondidos
Sua Pontuação Histórica
Você não jogou esse quiz